Carole King Discography - Statistics

General Stats
  • This quiz has been taken 11 times
  • The average score is 4 of 34
Answer Stats
Type Year Name % Correct
Album 1971 Tapestry
100%
Deluxe Album 2008 Tapestry - Legacy Edition
100%
Live Album 2017 Tapestry: Live in Hyde Park
100%
Compilation 1978 Her Greatest Hits: Songs of Long Ago
43%
Album 1976 Thoroughbred
29%
Album 1973 Fantasy
14%
Album 1971 Music
14%
Album 1972 Rhymes and Reasons
14%
Holiday Album 2011 A Holiday Carole
0%
Compilation 1994 A Natural Woman: The Ode Collection (1968-1976)
0%
Album 1989 City Streets
0%
Compilation 2006 Collections
0%
Album 1993 Colour of Your Dreams
0%
Compilation 1998 Goin' Back
0%
Live Album 1994 In Concert
0%
Collaborative Live Album 2010 Live at the Troubadour
0%
Album 2001 Love Makes the World`
0%
Deluxe Album 2007 Love Makes the World: Deluxe Edition
0%
Group Album 1968 Now That Everything's Been Said
0%
Album 1982 One to One
0%
Album 1980 Pearls: Songs of Goffin and King
0%
Soundtrack 1975 Really Rosie
0%
Album 1977 Simple Things
0%
Album 1983 Speeding Time
0%
Compilation 2000 Super Hits
0%
Live Album 1996 The Carnegie Hall Concert: June 18, 1971
0%
Compilation 2010 The Essential Carole King
0%
Compilation 2012 The Legendary Demos
0%
Live Album 2005 The Living Room Tour
0%
Compilation 1994 Time Gone By
0%
Album 1979 Touch the Sky
0%
Album 1978 Welcome Home
0%
Album 1974 Wrap Around Joy
0%
Album 1970 Writer
0%
No matching quizzes found
Score Distribution
Percent of People with Each Score
Percentile by Number Answered
Your Score History
You have not taken this quiz